Statistiques concernant Les circuits victimes de Lewis Hamilton

Cliquez ici pour prendre le quiz!

Statistiques générales

  • Ce quiz a été pris 51 fois
  • Le résultat moyen est 14 sur 33

Statistiques - réponses

RéponseAnnée de première victoire% Correct
Spa-Francorchamps2010
85%
Silverstone2008
80%
Monza2012
76%
Imola2020
68%
Monaco2008
68%
Paul Ricard2018
61%
Catalogne2014
59%
Suzuka2014
56%
Sotchi2014
46%
Gilles Villeneuve2007
44%
Mexico2016
44%
São Paulo2016
44%
Singapour2009
44%
Austin2012
41%
Hungaroring2007
41%
Spielberg2016
41%
Baku2018
39%
Indianapolis2007
39%
Portimão2020
39%
Jeddah2021
37%
Sakhir
2014
34%
Istanbul Park2010
34%
Shanghai2008
34%
Yas Marina2011
34%
Albert Park2008
29%
Hockenheim2008
29%
Losail2021
27%
Nürburgring2011
27%
Nürburgring (Eifel)2020
27%
Sepang2014
24%
Mugello2020
22%
Styrie (Spielberg)2020
17%
Mont-Fuji2007
12%

Distribution des résultats

Percentile par nombre de réponses

% des personnes avec chaque résultat

Votre développement - résultats

Vous n’avez pas pris ce quiz